000 01491nam a22001457a 4500
999 _c521137
_d521137
008 221216b ||||| |||| 00| 0 eng d
100 _aGuriev, Sergei and Papaioannou, Elias
_936313
245 _aThe political economy of populism
260 _aJournal of Economic Literature
300 _a60(3), Sep, 2022: p.753-832
520 _aWe synthesize the literature on the recent rise of populism. First, we discuss definitions and present descriptive evidence on the recent increase in support for populists. Second, we cover the historical evolution of populist regimes since the late nineteenth century. Third, we discuss the role of secular economic factors related to cross-border trade and automation. Fourth, we review studies on the role of the 2008–09 global financial crisis and subsequent austerity, connect them to historical work covering the Great Depression, and discuss likely mechanisms. Fifth, we discuss studies on identity politics, trust, and cultural backlash. Sixth, we discuss economic and cultural consequences of growth in immigration and the recent refugee crisis. We also discuss the gap between perceptions and reality regarding immigration. Seventh, we review studies on the impact of the internet and social media. Eighth, we discuss the literature on the implications of populism's recent rise. We conclude outlining avenues for further research. – Reproduced
773 _aJournal of Economic Literature
906 _aPOLITICAL ECONOMY
942 _cAR